| 000 | 01391nam a2200205 a 4500 | ||
|---|---|---|---|
| 001 | 000017181 | ||
| 005 | 20200929165036.0 | ||
| 008 | 110412s1943 dr a 000 0 spa d | ||
| 040 |
_aDO-SdBNP _bspa _cBNPHU |
||
| 082 |
_a917.293 _bF7279 |
||
| 100 | 1 |
_aForne Farreres, José. _937811 |
|
| 245 | 1 | 0 |
_aPaisaje y acento : _bimpresiones de un español en la República Dominicana / _cJosé Forné Farreres. |
| 260 |
_aCiudad Trujillo : _bEdiciones La Opinión, _c1943. |
||
| 300 |
_a164 p. : _bil. ; _c23 cm. |
||
| 590 | _aPerteneció a la biblioteca personal de Julio Ortega Frier y Rafael Andrés Ortega. | ||
| 505 | 0 |
_aEn torno a esta obra y a esta actitud / _rPedro Mir -- _tUnas palabras / _rConstancio Bernaldo de Quiróz -- _tNueva presencia de España en América -- _tHigüey, archivo de cortesía -- _tMercados, calenturas de humanidad -- _tLas peleas de gallos, su persistencia en la Dominicana -- _t¡Friquitín!, honduras de acento -- _tBaile de palos, fiesta pagana de luna y de campo -- _tAzúcar, tragedia y romance -- _tGapeas y merengues -- _tGüibia, nocturnal en el trópico -- _tVoudou, una noche con los «endemoniados» -- _tCiudad Trujillo, enseñanzas del pasado y un presente. |
|
| 650 | 4 |
_aViajeros españoles _xCorrespondencia, memorias, etc. _937812 |
|
| 651 | 4 |
_aRepública Dominicana _xVida Social Y Costumbres _9405 |
|
| 651 | 4 |
_aRepública Dominicana _xDescripciones Y Viajes _91651 |
|
| 999 |
_c16707 _d16707 |
||